LEADER 02055nam 2200349 450 001 9910476797203321 005 20230512032041.0 035 $a(CKB)5470000000566574 035 $a(NjHacI)995470000000566574 035 $a(EXLCZ)995470000000566574 100 $a20230512d2006 uy 0 101 0 $aeng 135 $aur||||||||||| 181 $ctxt$2rdacontent 182 $cc$2rdamedia 183 $acr$2rdacarrier 200 10$aBeyond Enlightenment /$fRichard Cohen 210 1$a[Place of publication not identified] :$cTaylor & Francis,$d2006. 215 $a1 online resource 311 $a1-134-19200-2 327 $aPreface -- 1. A Benign Introduction -- 2. A Place of Exceptional Universal Value -- 3. A Tale of Two Histories -- 4. The Anthropology of Enlightenment -- 5. What Do Gods Have to Do With Enlightenment? -- 6. A Baroque. -- Conclusion. -- Bibliography. -- Index. 330 $aThe vast majority of books on Buddhism describe the Buddha using the word enlightened, rather than awakened. This bias has resulted in Buddhism becoming generally perceived as the eponymous religion of enlightenment. Beyond Enlightenment is a sophisticated study of some of the underlying assumptions involved in the study of Buddhism (especially, but not exclusively, in the West). It investigates the tendency of most scholars to ground their study of Buddhism in these particular assumptions about the Buddha's enlightenment and a particular understanding of religion, which is traced back through Western orientalists to the Enlightenment and the Protestant Reformation. Placing a distinct emphasis on Indian Buddhism, Richard Cohen adeptly creates a work that will appeal to those with an interest in Buddhism and India and also scholars of religion and history. 606 $aReligious life 615 0$aReligious life. 676 $a204.4 700 $aCohen$b Richard$01357580 801 0$bNjHacI 801 1$bNjHacl 906 $aBOOK 912 $a9910476797203321 996 $aBeyond Enlightenment$93363852 997 $aUNINA LEADER 04610nam 2200601Ia 450 001 9910791835003321 005 20200520144314.0 010 $a1-61761-914-0 035 $a(CKB)2560000000067903 035 $a(EBL)3017772 035 $a(SSID)ssj0000417830 035 $a(PQKBManifestationID)12110638 035 $a(PQKBTitleCode)TC0000417830 035 $a(PQKBWorkID)10380210 035 $a(PQKB)10866897 035 $a(MiAaPQ)EBC3017772 035 $a(Au-PeEL)EBL3017772 035 $a(CaPaEBR)ebr10654743 035 $a(OCoLC)923653658 035 $a(EXLCZ)992560000000067903 100 $a20090414d2009 uy 0 101 0 $aeng 135 $aur|n|---||||| 181 $ctxt 182 $cc 183 $acr 200 00$aFlavonoids$b[electronic resource] $ebiosynthesis, biological effects and dietary sources /$fRaymond B. Keller, editor 210 $aNew York $cNova Science Publishers$dc2009 215 $a1 online resource (363 p.) 225 0$aNutrition and diet research progress series 300 $aDescription based upon print version of record. 311 $a1-60741-622-0 320 $aIncludes bibliographical references and index. 327 $a""FLAVONOIDS: BIOSYNTHESIS, BIOLOGICAL EFFECTS AND DIETARY SOURCES ""; ""FLAVONOIDS: BIOSYNTHESIS, BIOLOGICAL EFFECTS AND DIETARY SOURCES""; ""CONTENTS""; ""PREFACE ""; ""BIOAVAILABILITY AND METABOLISM OF DIETARY FLAVONOIDS a??? MUCH KNOWN a??? MUCH MORE TO DISCOVER ""; ""ABSTRACT""; ""INTRODUCTION ""; ""FLAVONOID ABSORPTION AND METABOLISM IN THE GASTROINTESTINAL TRACT ""; ""The Oral Cavity ""; ""The Stomach ""; ""The Small Intestine ""; ""The Colon and Microflora""; ""DISTRIBUTION OF FLAVONOID METABOLITES ROUND THE BODY ""; ""FLAVONOID BIOAVAILABILITY TO THE CENTRAL NERVOUS SYSTEM "" 327 $a""BIOLOGICAL ACTIVITY OF FLAVONOID METABOLITES """"Quercetin/Flavonols ""; ""Isoflavones ""; ""Catechins ""; ""Other Flavonoids""; ""CONCLUSION ""; ""REFERENCES ""; ""CYTOPROTECTIVE ACTIVITY OF FLAVONOIDS IN RELATION TO THEIR CHEMICAL STRUCTURES AND PHYSICOCHEMICAL PROPERTIES ""; ""ABSTRACT ""; ""INTRODUCTION""; ""CHEMICAL STRUCTURE OF FLAVONOIDS ""; ""PHYSICOCHEMICAL PROPERTIES OF FLAVONOIDS ""; ""The UV Absorption of Flavonoids ""; ""Physical Properties of Flavonoids ""; ""Bond Dissociation Energy (BDE)""; ""Lipophilicity (Log P) ""; ""HEALTH EFFECTS OF FLAVONOIDS "" 327 $a""CYTOPROTECTION ASSAY """"MATERIALS AND METHODS ""; ""Materials ""; ""Assessment of Cell Viability ""; ""Culture and Treatment of HT-29 Cells ""; ""Annexin V Staining and Flow Cytometric Analysis ""; ""Calculation of Results""; ""Cell Death Index (CDI)""; ""Quantum Chemical Calculations ""; ""Calculation of Heat of Formation ""; ""Calculation of Log P ""; ""RESULTS AND DISCUSSION""; ""Cytotoxic Effects of H2O2 ""; ""Cytotoxicity of Flavonoids ""; ""The Influence of Trolox on Cytotoxic Effects of H2O2 ""; ""Structural Related Cytoprotective Activity of Flavonoids "" 327 $a""Effects of Hydroxyl Groups in the B Ring """"Effect of the 3-OH Group, 2,3-Double Bond and 4-Keto Group ""; ""Effect of the Carbohydrate Moieties""; ""Cytoprotective Activities and Physicochemical Properties of Flavonoids ""; ""Correlation between O-H Bond Dissociation Enthalpy (BDE) and Cytoprotective Activity (EC50) of Flavonoids ""; ""Correlation between Partition Coefficient (Log P) and Cytoprotective Activity (EC50) of Flavonoids ""; ""Quantitative Structure-Activity Relationship (QSAR) Model ""; ""CONCLUSION""; ""ACKNOWLEDGMENTS ""; ""REFERENCES "" 327 $a"" OLIGOMERIC NATURE, COLLOIDAL STATE, RHEOLOGY, ANTIOXIDANT CAPACITY AND ANTIVIRAL ACTIVITY OF POLYFLAVONOIDS""""ABSTRACT""; ""INTRODUCTION""; ""THE OLIGOMERIC NATURE OF POLYFLAVONOIDS ""; "" Profisetinindin and Prorobinetinidin Type Polyflavonoids ""; ""Procyanidin and Prodelphinidin Type Polyflavonoids ""; ""Colloidal State of Polyflavonoid Extracts""; ""RHEOLOGY OF INDUSTRIAL POLYFLAVONOIDS ""; ""ANTI-OXYDANT CAPABILITY OF POLYFLAVONOIDS ""; ""ANTIVIRAL ACTIVITY OF POLYFLAVONOIDS ""; ""REFERENCES""; ""GRAPEFRUIT FLAVONOIDS: NARINGIN AND NARINGININ ""; ""ABSTRACT ""; ""INTRODUCTION "" 327 $a""REFERENCES "" 410 0$aNutrition and Diet Research Progress 606 $aFlavonoids 606 $aPlant pigments 615 0$aFlavonoids. 615 0$aPlant pigments. 676 $a612/.0154 701 $aKeller$b Raymond B$01520234 801 0$bMiAaPQ 801 1$bMiAaPQ 801 2$bMiAaPQ 906 $aBOOK 912 $a9910791835003321 996 $aFlavonoids$93758773 997 $aUNINA LEADER 03486nam 2200697Ia 450 001 9910780348403321 005 20230912151442.0 010 $a1-280-71734-3 010 $a9786610717347 010 $a1-55250-028-4 035 $a(CKB)111087028130596 035 $a(EBL)266316 035 $a(OCoLC)181820696 035 $a(SSID)ssj0000671878 035 $a(PQKBManifestationID)11404936 035 $a(PQKBTitleCode)TC0000671878 035 $a(PQKBWorkID)10634237 035 $a(PQKB)11741255 035 $a(CaPaEBR)405869 035 $a(CaBNvSL)gtp00521773 035 $a(Au-PeEL)EBL266316 035 $a(CaPaEBR)ebr10137739 035 $a(CaONFJC)MIL71734 035 $a(OCoLC)70863318 035 $a(VaAlCD)20.500.12592/5n7k2w 035 $a(schport)gibson_crkn/2009-12-01/3/405869 035 $a(MiAaPQ)EBC266316 035 $a(MiAaPQ)EBC3244375 035 $a(EXLCZ)99111087028130596 100 $a20000608d2000 uy 0 101 0 $afre 135 $aur|n|---||||| 181 $ctxt 182 $cc 183 $acr 200 02$aL'appui au de?veloppement communautaire$b[electronic resource] $eune expe?rience de communication en Afrique de l'Ouest /$fsous la direction de Lucie Alexandre et Guy Bessette 210 $aOttawa, Ont. $cCentre de recherches pour le de?veloppement international$dc2000 215 $a1 online resource (228 p.) 300 $aDescription based upon print version of record. 311 $a0-88936-919-4 320 $aComprend des re?f. bibliogr. (p. 213-214). 327 $aTable des matières; Préface; Remerciements et dédicace; Chapitre 1 Les Centres de lecture et d'animation culturelle et la recherche en communication pour le développement; Chapitre 2 Un cadre conceptuel et méthodologique de la communication pour le développement; Chapitre 3 Les recherches-actions dans les milieux; Chapitre 4 Discussion des recherches-actions; Chapitre 5 Leçons et recommandations; Annexe 1 Liste des projets par pays; Annexe 2 Liste des participants et des personnes-ressources; Bibliographie; 330 $aInformation alone does not ensure sustainable development. People and communities also need to be actively engaged in the processes, and their participation should be harnessed through communications activities designed for development purposes. Who should be made responsible for initiating these activities? What are the best conditions for launching them? What are the limits of these communications activities, and more importantly, do they generate benefits for community development? This book reports on an action-research conducted in West Africa by 23 centres de lecture et d'animation cultu 606 $aCommunication in community development$zAfrica, West 606 $aCommunication in rural development$zAfrica, West 606 $aCommunity development$zDeveloping countries 615 0$aCommunication in community development 615 0$aCommunication in rural development 615 0$aCommunity development 676 $a307.1/412/0966 701 $aBessette$b Guy$f1952-$0890185 701 $aAlexandre$b Lucie$01570501 712 02$aInternational Development Research Centre (Canada) 712 02$aAgence intergouvernementale de la francophonie. 801 0$bMiAaPQ 801 1$bMiAaPQ 801 2$bMiAaPQ 906 $aBOOK 912 $a9910780348403321 996 $aL'appui au de?veloppement communautaire$93844207 997 $aUNINA